000 00407nam a2200169Ia 4500
008 090711s9999 xx 000 0 und d
082 _b48373
100 _aतिबिले अनंत
245 _aआग
260 _c1984
300 _a210
600 _aतिबिले अनंत
630 _aआग
700 _aतिबिले अनंत
730 _aआग
942 _cBOOK
999 _c299916
_d299916